Statistics for Top 100 Las Vegas Raiders of All Time

Click here to take the quiz!

General Stats

  • This quiz has been taken 58 times
  • The average score is 31 of 100

Answer Stats

PositionPlayer% Correct
QBKen Stabler
95%
WRTim Brown
89%
RBMarcus Allen
86%
RBBo Jackson
84%
QBDerek Carr
84%
CBWillie Brown
81%
CBCharles Woodson
78%
CBEric Allen
76%
FSRod Woodson
76%
TEDave Casper
73%
RGGabe Jackson
70%
WRJerry Rice
70%
PRay Guy
70%
QBRich Gannon
70%
CJim Otto
68%
LTArt Shell
65%
WRFred Biletnikoff
65%
LBGus Otto
65%
DEHowie Long
65%
GGene Upshaw
62%
WRCliff Branch
59%
QBJim Plunkett
59%
DBTyvon Branch
54%
LBTed Hendricks
51%
CBLester Hayes
49%
QB/KGeorge Blanda
46%
DBJack Tatum
46%
KSebastian Janikowski
46%
DEKhalil Mack
43%
QBDaryle Lamonica
38%
CBMike Haynes
38%
TETodd Christensen
35%
WRAmari Cooper
32%
OLBruce Davis
32%
RBClarence Davis
32%
LBMonte Johnson
32%
PShane Lechler
32%
RBDarren McFadden
30%
QBJeff Hostetler
30%
OTLincoln Kennedy
30%
DELyle Alzado
30%
FBMark Van Eeghen
30%
TEZach Miller
30%
LBMatt Millen
27%
SSRonnie Lott
27%
FSEddie Anderson
24%
CBNnamdi Asomugha
24%
CBarret Robbins
22%
DTBen Davidson
22%
DTDarrell Russell
22%
DBGeorge Atkinson
22%
DEGreg Townsend
22%
CRodney Hudson
22%
CStefen Wisniewski
22%
LGSteve Wisniewski
22%
QBTom Flores
22%
QBJeff George
19%
LBRod Martin
19%
CDave Dalby
16%
WRMichael Crabtree
16%
LBPhil Villapiano
16%
DTRichard Seymour
16%
DTBill Pickel
14%
RTHenry Lawrence
14%
DTJohn Matuszak
14%
DEOtis Sistrunk
14%
DTChester McGlockton
11%
TEJared Cook
11%
LBKirk Morrison
11%
FBMarcel Reece
11%
FBMarv Hubbard
11%
RBPete Banaszak
11%
TERaymond Chester
11%
FSReggie Nelson
11%
DTTommy Kelly
11%
RBTyrone Wheatley
11%
RBCharlie Garner
8%
CDon Mosebar
8%
WRMervyn Fernandez
8%
CBTerry McDaniel
8%
DBVann McElroy
8%
RB/DBClem Daniels
5%
DEDerrick Burgess
5%
OGGeorge Buehler
5%
LBGreg Biekert
5%
LGKelechi Osemele
5%
FBZack Crockett
5%
WRArt Powell
3%
OLBarry Sims
3%
LBDan Conners
3%
DBDave Grayson
3%
OTDonald Penn
3%
DEIke Lassiter
3%
DBMichael Huff
3%
GMickey Marvin
3%
DTRussell Maryland
3%
OGWayne Hawkins
3%
DLDan Birdwell
0%
OTHarry Schuh
0%
CBKent McCloughan
0%

Score Distribution

Percentile by Number Answered

Percent of People with Each Score

Your Score History

You have not taken this quiz